[Event "USCL Boston vs New York"]
[Site "Internet Chess Club"]
[Date "2010.10.25"]
[Round "10"]
[White "Ostrovskiy, Aleksandr"]
[Black "Krasik, Ilya"]
[Result "1/2-1/2"]
[WhiteElo "2289"]
[BlackElo "2253"]
[PlyCount "114"]
[EventDate "2010.??.??"]

1. e4 c5 2. Nf3 d6 3. d4 cxd4 4. Nxd4 Nf6 5. Nc3 g6 6. Be3 a6 7. f3 b5 8. Qd2
Bb7 9. a4 b4 10. Na2 e5 11. Nb3 d5 12. exd5 Nxd5 13. Bc5 Nd7 14. Bxf8 Kxf8 15.
O-O-O a5 16. c4 bxc3 17. Nxc3 Rc8 18. Kb1 Nxc3+ 19. bxc3 Qb6 20. Bb5 Nc5 21.
Nxc5 Qxc5 22. Rhe1 Kg7 23. Qe3 Qxe3 24. Rxe3 Rc5 25. Rd7 Bc6 26. Bxc6 Rxc6 27.
Rd5 Rb8+ 28. Kc2 Rcb6 29. Rexe5 Rb2+ 30. Kd3 Rxg2 31. h4 Rf2 32. Re3 Rh2 33.
Re4 Rf2 34. Rf4 f5 35. Rxa5 Rd8+ 36. Kc4 Rd7 37. Rc5 Ra7 38. Kb3 Rf1 39. Kb2
Rf2+ 40. Kb3 Rf1 41. Rcc4 Rb1+ 42. Kc2 Rf1 43. Rb4 Kh6 44. c4 Ra5 45. Kb3 g5
46. hxg5+ Kxg5 47. c5 Rxc5 48. Rbd4 Rb1+ 49. Ka2 Rcc1 50. Rh4 Rb7 51. Rh2 h5
52. Rdh4 Rc2+ 53. Rxc2 Kxh4 54. Rh2+ Kg5 55. Ka3 h4 56. a5 Kf4 57. Rxh4+ Kxf3
1/2-1/2

[Event "USCL New Jersey vs Baltimore"]
[Site "Internet Chess Club"]
[Date "2010.10.25"]
[Round "10"]
[White "Balasubramanian, Adithya"]
[Black "Finn, Sean"]
[Result "1-0"]
[WhiteElo "2255"]
[BlackElo "2123"]
[PlyCount "115"]
[EventDate "2010.??.??"]

1. e4 c5 2. Nf3 d6 3. d3 g6 4. g3 Bg7 5. Bg2 Nf6 6. O-O O-O 7. c3 Nc6 8. Re1 b5
9. d4 Bg4 10. Na3 Rb8 11. h3 Bxf3 12. Bxf3 cxd4 13. cxd4 e5 14. Nc2 Nd7 15. Be3
Nb6 16. b3 Qf6 17. d5 Nd4 18. Bg2 Rbc8 19. Rc1 Rc3 20. Nb4 Rxc1 21. Qxc1 Nf3+
22. Bxf3 Qxf3 23. Nc6 Nd7 24. Bg5 f6 25. Bh6 Nc5 26. Bxg7 Nd3 27. Qe3 Nxe1 28.
Qxe1 Kxg7 29. Nxa7 Qd3 30. a4 bxa4 31. bxa4 f5 32. Nb5 Rf6 33. Nc7 Kg8 34. a5
Rf7 35. Qc1 fxe4 36. Ne6 Qa6 37. Qb1 Qa7 38. Qc2 Qa8 39. Qa4 Ra7 40. Qb4 Rxa5
41. Qxd6 Ra1+ 42. Kh2 Ra7 43. Qxe5 Rf7 44. Kg1 Qa7 45. Nf4 Qe7 46. Qc3 Qf6 47.
Qc2 Qf5 48. Ne6 h6 49. Qd2 Rb7 50. Qa2 Rb8 51. d6 Qf7 52. h4 Rd8 53. d7 e3 54.
fxe3 Rf8 55. Nxf8 Qxa2 56. d8=Q Qb1+ 57. Kf2 Qf5+ 58. Ke2 1-0

[Event "USCL Seattle vs St. Louis"]
[Site "Internet Chess Club"]
[Date "2010.10.27"]
[Round "10"]
[White "Finegold, Spencer"]
[Black "Guo, Alex"]
[Result "0-1"]
[WhiteElo "1991"]
[BlackElo "2116"]
[PlyCount "86"]
[EventDate "2010.??.??"]

1. e4 e6 2. d4 d5 3. e5 b6 4. Nf3 Ba6 5. Bxa6 Nxa6 6. c3 Qd7 7. Qe2 Nb8 8. O-O
c5 9. Be3 Nh6 10. Bxh6 gxh6 11. Nbd2 Bg7 12. dxc5 bxc5 13. Nb3 Qc7 14. c4 dxc4
15. Qxc4 Nd7 16. Qe2 O-O 17. Rfe1 Rab8 18. Rac1 Rfc8 19. Rc4 Rb4 20. Rec1 Rxc4
21. Rxc4 Nxe5 22. Rxc5 Nxf3+ 23. Qxf3 Qd7 24. Rxc8+ Qxc8 25. Qe2 Qc7 26. Qd2
Qe5 27. Qd8+ Bf8 28. Qd2 Be7 29. g3 Bf6 30. Qxh6 Qe1+ 31. Kg2 Qe4+ 32. Kg1 Qe1+
33. Kg2 Qe4+ 34. Kg1 Qb1+ 35. Kg2 Qxb2 36. Qd2 Qe5 37. Qa5 Qe4+ 38. Kg1 Qb1+
39. Kg2 Qe4+ 40. Kg1 Qb7 41. Nc5 Qb1+ 42. Kg2 Qc2 43. Nd7 Qc6+ 0-1

[Event "USCL Chicago vs Dallas"]
[Site "Internet Chess Club"]
[Date "2010.10.27"]
[Round "10"]
[White "Gurevich, Dmitry"]
[Black "Bercys, Salvijus"]
[Result "1/2-1/2"]
[WhiteElo "2481"]
[BlackElo "2467"]
[PlyCount "64"]
[EventDate "2010.??.??"]

1. d4 f5 2. Nf3 Nf6 3. Bg5 e6 4. Nbd2 Be7 5. Bxf6 Bxf6 6. e4 O-O 7. e5 Be7 8.
Bc4 c5 9. c3 cxd4 10. cxd4 Nc6 11. a3 d5 12. exd6 Qxd6 13. Nb3 a6 14. O-O b5
15. Be2 Qd5 16. Rc1 Rd8 17. Re1 Bf6 18. Bf1 Nxd4 19. Nbxd4 Bxd4 20. Nxd4 Qxd4
21. Qf3 Rb8 22. Red1 Qf6 23. Qc6 Rxd1 24. Rxd1 Qe7 25. g3 Bb7 26. Qb6 Ra8 27.
Rd6 Bd5 28. Bg2 Bxg2 29. Kxg2 Kf7 30. Rc6 Ra7 31. Rxe6 Qxe6 32. Qxa7+ Kg6
1/2-1/2

[Event "USCL Los Angeles vs Arizona"]
[Site "Internet Chess Club"]
[Date "2010.10.27"]
[Round "10"]
[White "Harper, Warren"]
[Black "Abrahamyan, Tatev"]
[Result "0-1"]
[WhiteElo "2408"]
[BlackElo "2385"]
[PlyCount "76"]
[EventDate "2010.??.??"]

1. Nf3 Nf6 2. c4 g6 3. g3 Bg7 4. Bg2 O-O 5. O-O d6 6. d4 Nc6 7. Nc3 a6 8. b3
Rb8 9. Bb2 b5 10. cxb5 axb5 11. Rc1 Na7 12. b4 c6 13. h3 Be6 14. e4 Qd7 15. Kh2
Bc4 16. Re1 Nc8 17. Nd2 Nb6 18. Nb3 Ra8 19. d5 cxd5 20. exd5 Na4 21. Nxa4 Rxa4
22. a3 Ng4+ 23. hxg4 Bxb2 24. Na5 Bxc1 25. Qxc1 Qxg4 26. Re4 Qf5 27. Rf4 Qd3
28. Rh4 f5 29. Nc6 Rf7 30. Nd8 Rg7 31. Ne6 Qxa3 32. Qd2 Qa1 33. Rd4 Ra2 34. Qh6
Rf7 35. Rd2 f4 36. Rxa2 fxg3+ 37. fxg3 Qxa2 38. Nf4 Rxf4 0-1

[Event "USCL Chicago vs Dallas"]
[Site "Internet Chess Club"]
[Date "2010.10.27"]
[Round "10"]
[White "Sadorra, Julio"]
[Black "Amanov, Mesgen"]
[Result "1-0"]
[WhiteElo "2471"]
[BlackElo "2508"]
[PlyCount "125"]
[EventDate "2010.??.??"]

1. d4 d5 2. c4 e6 3. Nc3 Nf6 4. Nf3 dxc4 5. e4 Bb4 6. Bxc4 Nxe4 7. O-O Nxc3 8.
bxc3 Be7 9. Qe2 O-O 10. Re1 Nc6 11. Qe4 Bf6 12. h4 Ne7 13. Bd3 g6 14. Bg5 Bxg5
15. hxg5 Bd7 16. Ne5 Bc6 17. Qh4 Nf5 18. Qf4 Qd6 19. g4 Ne7 20. c4 Be8 21. Rad1
Nc6 22. Be4 Nxd4 23. Kg2 Ba4 24. c5 Qxc5 25. Rh1 Ne2 26. Qh2 h5 27. Rd2 Bb5 28.
gxh5 gxh5 29. Bf3 Rfd8 30. Rxe2 Bxe2 31. Bxe2 Rd2 32. Qf4 Rf8 33. Qxd2 Qxe5 34.
Bf3 b5 35. Rxh5 Qg7 36. Qd7 c5 37. Qxb5 Qd4 38. Qb1 Rd8 39. Qh7+ Kf8 40. g6
fxg6 41. Qxg6 Rd7 42. Qxe6 Rg7+ 43. Kh3 Rf7 44. Qc8+ Ke7 45. Qc7+ Kf8 46. Qb8+
Ke7 47. Qxa7+ Kf8 48. Qb8+ Ke7 49. Qe5+ Qxe5 50. Rxe5+ Kd6 51. Rd5+ Ke6 52. Rd3
Ke5 53. Kg3 Rg7+ 54. Bg4 c4 55. Rd7 Rg6 56. f4+ Ke4 57. Rc7 Kd3 58. f5 Ra6 59.
Rxc4 Rxa2 60. Rf4 Ke3 61. f6 Ra8 62. f7 Rf8 63. Bh5 1-0

[Event "USCL San Francisco vs Miami"]
[Site "Internet Chess Club"]
[Date "2010.10.27"]
[Round "10"]
[White "Rosenthal, Nicholas"]
[Black "Liou, Yian"]
[Result "1-0"]
[WhiteElo "2047"]
[BlackElo "2254"]
[PlyCount "125"]
[EventDate "2010.??.??"]

1. e4 c5 2. Nf3 e6 3. d3 Nc6 4. g3 d5 5. Qe2 Nge7 6. Bg2 g6 7. O-O Bg7 8. Re1
O-O 9. e5 Nf5 10. c3 f6 11. exf6 Bxf6 12. h4 Bd7 13. Bg5 Qe7 14. Bxf6 Qxf6 15.
Nbd2 Rae8 16. Nb3 b6 17. Ne5 Nxe5 18. Qxe5 Qxe5 19. Rxe5 Nd6 20. Rae1 c4 21.
dxc4 Nxc4 22. R5e2 Kf7 23. Nd4 Nd6 24. Nf3 Kf6 25. Ng5 Rh8 26. Bh3 Nf5 27. Bxf5
gxf5 28. f4 h6 29. Nf3 Bb5 30. Re3 Rhg8 31. Nd4 Bd7 32. Kf2 Rg6 33. Re5 Kf7 34.
a3 Rf6 35. R5e3 Ke7 36. Rd1 Rc8 37. Nf3 Kd6 38. Ne5 Ba4 39. Rd2 Bb3 40. Re1 a5
41. Nf3 Ba4 42. Rc1 Bb5 43. Nd4 Ba6 44. Ke3 Rg8 45. Rg1 Rfg6 46. Kf2 Re8 47.
Re1 Reg8 48. Re3 Rf6 49. Rd1 Rgf8 50. b4 a4 51. Rde1 Bc8 52. c4 dxc4 53. Rd1
Ke7 54. Nc6+ Kf7 55. Ne5+ Kg8 56. Nxc4 b5 57. Nd6 Rd8 58. Rd4 Rff8 59. Nxb5 Ba6
60. Nd6 Bc8 61. b5 Rd7 62. Rxe6 Rfd8 63. Rxh6 1-0

[Event "USCL Seattle vs St. Louis"]
[Site "Internet Chess Club"]
[Date "2010.10.27"]
[Round "10"]
[White "Finegold, Ben"]
[Black "Mikhailuk, Slava"]
[Result "1-0"]
[WhiteElo "2589"]
[BlackElo "2431"]
[PlyCount "103"]
[EventDate "2010.??.??"]

1. e4 c5 2. Nf3 Nc6 3. c3 Nf6 4. e5 Nd5 5. d4 cxd4 6. Bc4 Nb6 7. Bb3 d5 8. exd6
e6 9. cxd4 Bxd6 10. O-O O-O 11. Nc3 Bd7 12. Ne4 Be7 13. Nc5 Qc7 14. Be3 Rfd8
15. Rc1 Nd5 16. Qe2 Be8 17. a3 Qb6 18. Ba2 a5 19. Rfd1 Rac8 20. Na4 Qa7 21. Nc3
Qb8 22. Nxd5 exd5 23. Rc3 Bf6 24. Qd2 b6 25. Bf4 Qb7 26. Rdc1 Qd7 27. Bb1 Ne7
28. Bc7 Rxc7 29. Rxc7 Qd6 30. Ne5 Bxe5 31. dxe5 Qxe5 32. Qe3 Qxe3 33. fxe3 Kf8
34. Rb7 Rd6 35. Rb8 Ng8 36. Bxh7 Nf6 37. Bf5 g6 38. Bd3 Kg7 39. h3 Re6 40. Kf2
Ne4+ 41. Bxe4 dxe4 42. Rcc8 Bb5 43. Rc7 Bd3 44. a4 Rf6+ 45. Kg3 Bf1 46. Re7 Bd3
47. Reb7 Rc6 48. Rxb6 Rc2 49. b4 axb4 50. Rxb4 Re2 51. Rb2 Rxe3+ 52. Kf2 1-0

[Event "USCL San Francisco vs Miami"]
[Site "Internet Chess Club"]
[Date "2010.10.27"]
[Round "10"]
[White "Gonzalez, Renier"]
[Black "Zilberstein, Dmitry"]
[Result "1/2-1/2"]
[WhiteElo "2540"]
[BlackElo "2429"]
[PlyCount "99"]
[EventDate "2010.??.??"]

1. e4 e6 2. d3 d5 3. Qe2 Nf6 4. Nf3 c5 5. g3 g6 6. Bg2 Bg7 7. O-O O-O 8. e5
Nfd7 9. c4 dxc4 10. dxc4 Nc6 11. Bf4 Nd4 12. Nxd4 cxd4 13. h4 h6 14. Na3 g5 15.
hxg5 hxg5 16. Bd2 Nxe5 17. Qh5 g4 18. Rfe1 Nf3+ 19. Bxf3 gxf3 20. Bh6 Qf6 21.
Bxg7 Kxg7 22. Qg4+ Qg6 23. Qxf3 Rh8 24. Nb5 Rh5 25. Qf4 Bd7 26. Qxd4+ Qf6 27.
Qxf6+ Kxf6 28. Kf1 Bxb5 29. cxb5 Rxb5 30. b3 a5 31. Re4 Rc8 32. Rae1 Rc2 33.
R1e2 Rbc5 34. Kg2 Rxe2 35. Rxe2 Rc3 36. Rd2 b5 37. Kh3 a4 38. bxa4 bxa4 39. Rd4
Ra3 40. Rd2 Kf5 41. Kg2 e5 42. f3 f6 43. Kf2 Rc3 44. Re2 Rd3 45. Re3 Rd2+ 46.
Re2 Rd1 47. Re4 Rd2+ 48. Re2 Rd1 49. Re4 Rd2+ 50. Re2 1/2-1/2

[Event "USCL Chicago vs Dallas"]
[Site "Internet Chess Club"]
[Date "2010.10.27"]
[Round "10"]
[White "Felecan, Florin"]
[Black "Hughes, Tyler"]
[Result "1-0"]
[WhiteElo "2415"]
[BlackElo "2384"]
[PlyCount "123"]
[EventDate "2010.??.??"]

1. c4 Nf6 2. Nc3 g6 3. e4 d6 4. g3 Bg7 5. Bg2 O-O 6. Nge2 e5 7. O-O Be6 8. d3
c6 9. h3 Qd7 10. Kh2 a6 11. f4 b5 12. b3 exf4 13. Bxf4 Nh5 14. Rc1 Qe7 15. cxb5
axb5 16. d4 Nxf4 17. Nxf4 Bd7 18. a4 b4 19. Nce2 Na6 20. Qd2 Rab8 21. Rfe1 Qd8
22. Nd3 Qb6 23. Nb2 Be6 24. Nc4 Bxc4 25. Rxc4 c5 26. Rec1 Rfd8 27. Rf1 cxd4 28.
Nxd4 Nc5 29. Nc2 Nxb3 30. Qd5 Qb7 31. Qxb7 Rxb7 32. Rxb4 Rxb4 33. Nxb4 Be5 34.
Nc6 Ra8 35. Rb1 Nc5 36. a5 Kg7 37. Nxe5 dxe5 38. Rb5 Rc8 39. h4 Rc7 40. Rb6 Ra7
41. Rb5 Rc7 42. Kg1 h5 43. Kf1 Rc6 44. Ke2 Rc7 45. Ke3 Rc8 46. Bf1 Rc7 47. Be2
f6 48. Rb6 Na4 49. Rb4 Rc3+ 50. Kd2 Ra3 51. Kc2 Nc5 52. Rb5 Nxe4 53. Kb2 Re3
54. Bd1 Nd6 55. Rb4 Kh6 56. Bb3 Re2+ 57. Ka3 Rd2 58. Rb8 e4 59. a6 e3 60. a7
Nb5+ 61. Rxb5 Rd8 62. Rb8 1-0

[Event "USCL San Francisco vs Miami"]
[Site "Internet Chess Club"]
[Date "2010.10.27"]
[Round "10"]
[White "Lee, Andy"]
[Black "Martinez, Marcel"]
[Result "0-1"]
[WhiteElo "2347"]
[BlackElo "2475"]
[PlyCount "106"]
[EventDate "2010.??.??"]

1. e4 e5 2. Nf3 Nc6 3. Bb5 a6 4. Ba4 Nf6 5. O-O Be7 6. Re1 b5 7. Bb3 d6 8. c3
O-O 9. h3 Na5 10. Bc2 c5 11. d4 Nd7 12. Nbd2 exd4 13. cxd4 Nc6 14. d5 Nce5 15.
a4 Rb8 16. axb5 axb5 17. Nxe5 Nxe5 18. f4 Ng6 19. Nf3 Bh4 20. Rf1 Bg3 21. f5
Ne5 22. Ng5 h6 23. f6 g6 24. Qd2 Nc4 25. Qd3 Bh4 26. Nf3 Bxf6 27. Bxh6 Re8 28.
Ra7 Re7 29. Ra2 Nxb2 30. Qd2 Nc4 31. Qf4 Bh8 32. Ng5 Ne5 33. Qh4 f6 34. Nf3 Rh7
35. Qf4 Nxf3+ 36. Rxf3 g5 37. Rg3 Rxh6 38. Ra7 Rb7 39. Ra8 c4 40. e5 dxe5 41.
Qf3 Qb6+ 42. Kh2 Rb8 43. d6 Qxd6 44. Ra7 Be6 45. Qe4 Bg7 46. Rga3 f5 47. Qe3
e4+ 48. Kh1 Qf4 49. Qe1 Be5 50. g3 Rxh3+ 51. Kg2 Rxg3+ 52. Rxg3 Qxg3+ 53. Qxg3
Bxg3 0-1

[Event "USCL San Francisco vs Miami"]
[Site "Internet Chess Club"]
[Date "2010.10.27"]
[Round "10"]
[White "Kraai, Jesse"]
[Black "Becerra, Julio"]
[Result "1/2-1/2"]
[WhiteElo "2551"]
[BlackElo "2628"]
[PlyCount "105"]
[EventDate "2010.??.??"]

1. Nf3 g6 2. d4 Bg7 3. e4 c6 4. Bd3 d6 5. O-O Nd7 6. c3 Qc7 7. Bg5 Ngf6 8. Nbd2
O-O 9. a4 a5 10. Nc4 d5 11. exd5 Nxd5 12. Re1 Re8 13. Bh4 b6 14. Bg3 Qd8 15.
Qb3 Ba6 16. Rad1 Bxc4 17. Bxc4 e6 18. h3 Qc8 19. Nd2 N7f6 20. Bf1 Qd8 21. Nc4
Re7 22. Ne5 Rc7 23. Be2 Rcc8 24. Bf3 Ra7 25. Bh4 Qc7 26. Nd3 Ne7 27. Bg3 Qd8
28. Bh2 Nfd5 29. g4 b5 30. Ra1 b4 31. Rac1 Bh6 32. Rcd1 Bg7 33. c4 Nf6 34. Nc5
h6 35. Qe3 Kh7 36. b3 Qb6 37. h4 Rd8 38. Be5 Ne8 39. Bxg7 Nxg7 40. Be4 Qb8 41.
h5 f5 42. Bc2 Rd6 43. hxg6+ Nxg6 44. Kg2 Nh4+ 45. Kh3 Qd8 46. Qg3 Ng6 47. gxf5
exf5 48. d5 Nh5 49. Ne6 Rxe6 50. dxe6 Qf6 51. e7 Ngf4+ 52. Kh2 Nxg3 53. fxg3
1/2-1/2

[Event "USCL Seattle vs St. Louis"]
[Site "Internet Chess Club"]
[Date "2010.10.27"]
[Round "10"]
[White "Lee, Michael"]
[Black "Brooks, Michael"]
[Result "1-0"]
[WhiteElo "2440"]
[BlackElo "2411"]
[PlyCount "123"]
[EventDate "2010.??.??"]

1. c4 e5 2. Nc3 f5 3. d4 e4 4. g3 Bb4 5. Bd2 Nf6 6. Nxe4 fxe4 7. Bxb4 Nc6 8.
Ba3 d6 9. e3 O-O 10. h3 Qe8 11. Bg2 Rb8 12. Qc2 b5 13. cxb5 Rxb5 14. Qc4+ Rd5
15. Rc1 Na5 16. Qxc7 Ba6 17. Bxd6 Rxd6 18. Qxd6 Qb5 19. b3 Nb7 20. Qe6+ Kh8 21.
Qc4 Qa5+ 22. Qc3 Qf5 23. Qd2 Nd5 24. g4 Qf7 25. Bxe4 Nd6 26. Bg2 Nxe3 27. Qxe3
Re8 28. Ne2 Rxe3 29. fxe3 Qe7 30. Rc5 Ne4 31. Bxe4 Qxe4 32. Rf1 h6 33. Kf2 Bb7
34. Re5 Qf3+ 35. Ke1 Qxh3 36. Rf8+ Kh7 37. Rf7 Bd5 38. Rxa7 Bf3 39. Ree7 Qh1+
40. Kd2 Qg2 41. Rxg7+ Kh8 42. Rh7+ Kg8 43. Rag7+ Kf8 44. Rf7+ Kg8 45. Rxf3 Kxh7
46. Rf4 Qh1 47. Nc3 Kg6 48. d5 h5 49. gxh5+ Kxh5 50. d6 Qg2+ 51. Kd3 Qc6 52.
Rd4 Qd7 53. Rd5+ Kg4 54. a4 Kf3 55. a5 Kf2 56. b4 Ke1 57. a6 Qf5+ 58. Kc4 Qf1+
59. Kb3 Qxa6 60. d7 Qe6 61. d8=Q Qf6 62. Rd1+ 1-0

[Event "USCL Los Angeles vs Arizona"]
[Site "Internet Chess Club"]
[Date "2010.10.27"]
[Round "10"]
[White "Kretchetov, Alexandre"]
[Black "Altounian, Levon"]
[Result "1/2-1/2"]
[WhiteElo "2376"]
[BlackElo "2496"]
[PlyCount "153"]
[EventDate "2010.??.??"]

1. Nf3 c5 2. c4 g6 3. e4 Bg7 4. d4 Qb6 5. dxc5 Qxc5 6. Be2 d6 7. O-O Bg4 8. a3
Qc7 9. h3 Bxf3 10. Bxf3 Nc6 11. Ra2 Nd4 12. Qa4+ Qc6 13. Qxc6+ bxc6 14. Bd1 Nf6
15. Nc3 Nd7 16. Ne2 Nc5 17. Nxd4 Bxd4 18. b4 Nxe4 19. Bf3 d5 20. b5 cxb5 21.
cxd5 Nd6 22. Bf4 Kd7 23. Rb1 Rab8 24. Rc2 Rhc8 25. Rd2 Bc3 26. Re2 Rc4 27. Bg5
Bf6 28. Bc1 h5 29. g4 hxg4 30. Bxg4+ Kd8 31. Bd2 Bc3 32. Bg5 Ne4 33. Bf4 Rb6
34. Bf3 f5 35. Kg2 Bf6 36. Rb4 Nc3 37. Rc2 Ra6 38. Bd2 Rxb4 39. axb4 Ra3 40.
Be3 Kd7 41. Bc5 a6 42. Rd2 Be5 43. h4 Bd6 44. Rd3 Nb1 45. Rd1 Nc3 46. Re1 a5
47. Re6 axb4 48. Bd4 Nxd5 49. Bxd5 Rd3 50. Rxg6 Rxd4 51. Be6+ Kc7 52. h5 Rh4
53. h6 Bf4 54. Bxf5 Rxh6 55. Rxh6 Bxh6 56. Kf3 Kd6 57. Ke4 b3 58. Kd3 Ke5 59.
Bd7 b4 60. Ba4 Kf4 61. Bc6 Bg7 62. Kd2 Bb2 63. Bd5 Bc3+ 64. Kc1 b2+ 65. Kb1 Ke5
66. Bb7 Kd4 67. f3 Kc4 68. Be4 Bd4 69. Ba8 Kc3 70. Be4 Kd2 71. Bd5 Ke3 72. Be4
b3 73. Bd5 e5 74. Be4 Bc3 75. Ba8 Ke2 76. Bb7 Bd4 77. Ba8 1/2-1/2

[Event "USCL Los Angeles vs Arizona"]
[Site "Internet Chess Club"]
[Date "2010.10.27"]
[Round "10"]
[White "Mateer, Amanda"]
[Black "Yanayt, Eugene"]
[Result "0-1"]
[WhiteElo "2135"]
[BlackElo "2240"]
[PlyCount "120"]
[EventDate "2010.??.??"]

1. d4 Nf6 2. c4 g6 3. Nc3 Bg7 4. e4 d6 5. f3 O-O 6. Bg5 c5 7. d5 h6 8. Be3 e6
9. Qd2 exd5 10. cxd5 a6 11. a4 Nbd7 12. Nh3 Nh7 13. Be2 Ne5 14. Nf2 h5 15. O-O
f5 16. f4 Nf7 17. e5 dxe5 18. Bxc5 Re8 19. a5 Nf6 20. fxe5 Nxe5 21. Nh3 Be6 22.
Rad1 Bf7 23. b4 Rc8 24. Qa2 Ned7 25. Na4 Bh6 26. Nf4 Nxc5 27. Nxc5 Bxf4 28.
Rxf4 Qe7 29. Rf2 Ne4 30. Nxe4 Qxe4 31. Qb3 Red8 32. Bf3 Qe5 33. Re2 Qd6 34. h3
Rc7 35. Re3 Rdc8 36. Rde1 Rc4 37. b5 Rb4 38. Qa3 axb5 39. Rb3 Qc5+ 40. Kh2 Qc7+
41. Kh1 Rxb3 42. Qxb3 Qxa5 43. Rb1 Qb6 44. Qd3 Qd6 45. Qxb5 b6 46. Qa6 Rc5 47.
Qa8+ Kh7 48. Qb7 Kg7 49. Re1 Rc7 50. Qb8 g5 51. Rd1 g4 52. hxg4 hxg4 53. Be2
Qh6+ 54. Kg1 Qe3+ 55. Kh2 Rc3 56. Ba6 g3+ 57. Kh1 Qh6+ 58. Kg1 Qh2+ 59. Kf1
Qh1+ 60. Ke2 Qxg2+ 0-1

[Event "USCL Los Angeles vs Arizona"]
[Site "Internet Chess Club"]
[Date "2010.10.27"]
[Round "10"]
[White "Casella, Michael"]
[Black "Adamson, Robby"]
[Result "1/2-1/2"]
[WhiteElo "2329"]
[BlackElo "2363"]
[PlyCount "125"]
[EventDate "2010.??.??"]

1. e4 e6 2. d4 d5 3. Nc3 Nc6 4. Nf3 Nf6 5. e5 Ne4 6. Ne2 f6 7. Ng3 fxe5 8. dxe5
Bd7 9. Bd3 Nc5 10. c3 Nxd3+ 11. Qxd3 Qe7 12. O-O Qf7 13. b4 a6 14. a4 Be7 15.
Bd2 O-O 16. Rae1 Be8 17. Qe3 Qg6 18. h4 Qg4 19. b5 Na5 20. Qd4 Qxd4 21. Nxd4
Bd7 22. Bg5 Bxg5 23. hxg5 c5 24. bxc6 bxc6 25. f4 c5 26. Nxe6 Bxe6 27. f5 Rae8
28. fxe6 Rxe6 29. Rxf8+ Kxf8 30. Nh5 Nc4 31. Nf4 Rxe5 32. Rxe5 Nxe5 33. Nxd5 a5
34. Kf2 Kf7 35. Ke3 Ke6 36. Ke4 Nc4 37. Nf4+ Kd6 38. Nh5 Nb6 39. Nxg7 Nxa4 40.
Kd3 Nb2+ 41. Kc2 Nc4 42. Ne8+ Ke6 43. Nf6 h6 44. Ne4 hxg5 45. Nxg5+ Kd5 46. Kb3
Nb6 47. Nf3 Ke4 48. c4 Kf4 49. Kc3 Na4+ 50. Kb3 Nb6 51. Kc3 Ke4 52. Nd2+ Kf4
53. Nb3 Kg3 54. Nxa5 Kxg2 55. Nb7 Nxc4 56. Kxc4 Kf3 57. Nd6 Kf4 58. Nf5 Ke5 59.
Ne3 Ke4 60. Nd1 Kf5 61. Nc3 Ke5 62. Ne4 Kxe4 63. Kxc5 1/2-1/2

[Event "USCL Baltimore vs Boston"]
[Site "Internet Chess Club"]
[Date "2010.11.01"]
[Round "11"]
[White "Krasik, Ilya"]
[Black "Balasubramanian, Adithya"]
[Result "1-0"]
[WhiteElo "2253"]
[BlackElo "2255"]
[PlyCount "93"]
[EventDate "2010.??.??"]

1. d4 d6 2. e4 Nf6 3. Nc3 Nbd7 4. f4 e5 5. Nf3 exd4 6. Qxd4 c6 7. Be3 d5 8.
exd5 Bc5 9. Qd3 Qe7 10. Nd4 Nb6 11. dxc6 bxc6 12. O-O-O Ba6 13. Qd2 Bxf1 14.
Bf2 Nc4 15. Qe1 Bxd4 16. Qxe7+ Kxe7 17. Rxd4 c5 18. Rd1 Bxg2 19. Bxc5+ Ke6 20.
Rhe1+ Kf5 21. Rd4 Rhe8 22. Rxe8 Rxe8 23. Rxc4 Re1+ 24. Kd2 Rh1 25. Bxa7 Bd5 26.
Nxd5 Nxd5 27. a4 h5 28. a5 h4 29. a6 h3 30. Kd3 Rd1+ 31. Ke2 Ra1 32. Rc5 Ke4
33. Rc6 Nxf4+ 34. Kf2 Kd5 35. Rc5+ Ke6 36. Bb8 Nd5 37. a7 f5 38. c4 Nf6 39.
Rc6+ Ke7 40. Rc7+ Nd7 41. c5 Ke6 42. Rc6+ Kf7 43. b4 g5 44. b5 Ra2+ 45. Ke3
Ra3+ 46. Kd2 Ra2+ 47. Kc3 1-0

[Event "USCL New England vs New York"]
[Site "Internet Chess Club"]
[Date "2010.11.01"]
[Round "11"]
[White "Ostrovskiy, Aleksandr"]
[Black "Cherniack, Alex"]
[Result "1/2-1/2"]
[WhiteElo "2289"]
[BlackElo "2288"]
[PlyCount "78"]
[EventDate "2010.??.??"]

1. e4 e6 2. d4 d5 3. Nc3 Bb4 4. e5 c5 5. a3 Bxc3+ 6. bxc3 Ne7 7. Qg4 O-O 8. Bd3
Nbc6 9. Nf3 f5 10. Qh3 Qa5 11. Bd2 Qa4 12. Rg1 c4 13. Be2 Qxc2 14. Rc1 Qb2 15.
g4 Bd7 16. Bd1 fxg4 17. Rxg4 Nf5 18. Bc2 Nce7 19. Ke2 a5 20. Bb1 h6 21. Rcg1
Rf7 22. Nh4 Ra6 23. Qg2 g5 24. Nf3 Kf8 25. Nxg5 hxg5 26. Rxg5 Ke8 27. Qh3 Kd8
28. Bxf5 exf5 29. Qh8+ Kc7 30. Rg7 Rxg7 31. Rxg7 Re6 32. Qh7 Qxa3 33. Bg5 Qxc3
34. Rxe7 Qd3+ 35. Ke1 Qb1+ 36. Ke2 Qd3+ 37. Ke1 Qb1+ 38. Ke2 Qd3+ 39. Ke1 Qb1+
1/2-1/2

[Event "USCL Baltimore vs Boston"]
[Site "Internet Chess Club"]
[Date "2010.11.01"]
[Round "11"]
[White "Zimmer, Ralph"]
[Black "Martirosov, Vadim"]
[Result "1/2-1/2"]
[WhiteElo "2279"]
[BlackElo "2248"]
[PlyCount "94"]
[EventDate "2010.??.??"]

1. c4 e6 2. Nf3 d5 3. g3 Nf6 4. Bg2 Be7 5. O-O O-O 6. d4 c5 7. cxd5 exd5 8. Nc3
Nc6 9. Bg5 cxd4 10. Nxd4 h6 11. Bf4 Bg4 12. h3 Be6 13. Rc1 Re8 14. Ncb5 Rc8 15.
Nxc6 Rxc6 16. Qd4 Qa5 17. a4 Rec8 18. Bd2 Qb6 19. Qxb6 axb6 20. Nd4 Rc4 21.
Nxe6 fxe6 22. b3 Rc2 23. Be3 Ba3 24. Rxc2 Rxc2 25. Ra1 Bc5 26. Rc1 Rb2 27. Bxc5
bxc5 28. Rxc5 Rxb3 29. e3 Rb1+ 30. Kh2 Rb2 31. Rc8+ Kh7 32. Kg1 Rb1+ 33. Bf1
Ne4 34. Rc2 Ra1 35. Kg2 Rxa4 36. Bd3 Kg8 37. Rc7 Rb4 38. h4 b5 39. Rb7 Nc5 40.
Rb8+ Kf7 41. Bxb5 Ke7 42. Re8+ Kf7 43. Bc6 Rb2 44. Kg1 Rb1+ 45. Kg2 Rb2 46. Kg1
Rb1+ 47. Kg2 Rb2 1/2-1/2

[Event "USCL New England vs New York"]
[Site "Internet Chess Club"]
[Date "2010.11.01"]
[Round "11"]
[White "Chase, Christopher"]
[Black "Getz, Alec"]
[Result "0-1"]
[WhiteElo "2382"]
[BlackElo "2377"]
[PlyCount "92"]
[EventDate "2010.??.??"]

1. g3 c5 2. Bg2 Nc6 3. d3 g6 4. Nf3 Bg7 5. e4 e5 6. O-O Nge7 7. c3 b6 8. a4 O-O
9. Na3 h6 10. Re1 d6 11. Nc4 Be6 12. Ne3 f5 13. Nd2 f4 14. gxf4 exf4 15. Nd5
Ne5 16. d4 cxd4 17. cxd4 Nd3 18. Rf1 Bxd5 19. exd5 Nf5 20. Nf3 Nxc1 21. Rxc1 g5
22. h3 h5 23. Nh2 Nxd4 24. Qxh5 Qe8 25. Qxe8 Raxe8 26. Bf3 Rf5 27. Rfd1 Nxf3+
28. Nxf3 Bxb2 29. Rc7 Ba3 30. Rxa7 Bc5 31. Kf1 b5 32. Ra5 b4 33. Rb5 Kf7 34. a5
Kf6 35. a6 Ra8 36. Re1 Rxd5 37. Nh2 Rxa6 38. Ng4+ Kf5 39. Nh6+ Kf6 40. Ng4+ Kg6
41. Rb8 Bd4 42. Re6+ Kf7 43. Rbe8 Ra7 44. Nh6+ Kg7 45. Rg8+ Kh7 46. Rb8 f3 0-1

[Event "USCL New England vs New York"]
[Site "Internet Chess Club"]
[Date "2010.11.01"]
[Round "11"]
[White "Shankland, Sam"]
[Black "Lenderman, Alex"]
[Result "1-0"]
[WhiteElo "2567"]
[BlackElo "2608"]
[PlyCount "145"]
[EventDate "2010.??.??"]

1. d4 Nf6 2. c4 e6 3. Nf3 Ne4 4. g3 d5 5. Bg2 Be7 6. O-O O-O 7. Qc2 Nd6 8. Nbd2
Nc6 9. b3 b6 10. Ba3 Bb7 11. Rac1 a5 12. cxd5 exd5 13. e3 Nb5 14. Bxe7 Qxe7 15.
a4 Nb4 16. Qb1 Nd6 17. Rc3 Rac8 18. Rfc1 Ne4 19. Nxe4 dxe4 20. Nd2 f5 21. Bf1
Kh8 22. Nc4 Nd5 23. R3c2 Rf6 24. Ne5 Nb4 25. Rd2 Rd8 26. Bc4 g6 27. Qb2 Bd5 28.
Rdd1 Kg7 29. Rc3 c5 30. Rdc1 cxd4 31. exd4 Rc8 32. Bxd5 Rxc3 33. Qxc3 Nxd5 34.
Qc8 f4 35. Qa8 Rd6 36. Rc8 Nf6 37. Qb8 Rxd4 38. gxf4 Nd5 39. Rg8+ Kh6 40. Rxg6+
Kh5 41. Nc6 Rd1+ 42. Kg2 Qc5 43. Qe5+ Kxg6 44. Qg5+ Kf7 45. Ne5+ Ke8 46. Qh5+
Kd8 47. Qxd1 Kc7 48. Qg4 Kb7 49. Qf5 e3 50. Qxh7+ Ka6 51. Qd3+ Kb7 52. fxe3
Nxe3+ 53. Kf3 Nd5 54. h4 Nf6 55. Kg2 Qc1 56. Qf3+ Kc7 57. h5 Qc2+ 58. Kh3 Qf5+
59. Kh4 Ne4 60. Ng4 Kd6 61. Qe3 Kc6 62. h6 Kb7 63. Qc1 Qg6 64. Qb2 Ka6 65. Qg7
Qd6 66. Qg8 Qe7+ 67. Kh3 Qb7 68. h7 Nd2 69. h8=Q Qf3+ 70. Kh4 Qh1+ 71. Kg5 Nf3+
72. Kf6 Qa1+ 73. Ne5 1-0

[Event "USCL Miami vs Chicago"]
[Site "Internet Chess Club"]
[Date "2010.11.03"]
[Round "11"]
[White "Shankar, Gauri"]
[Black "Rosenthal, Nicholas"]
[Result "0-1"]
[WhiteElo "2304"]
[BlackElo "2047"]
[PlyCount "40"]
[EventDate "2010.??.??"]

1. e4 e6 2. d4 d5 3. Bd3 dxe4 4. Bxe4 Nf6 5. Bf3 c5 6. c3 cxd4 7. cxd4 Nc6 8.
Ne2 Bd6 9. Nbc3 h6 10. O-O O-O 11. Be3 Ne7 12. Qb3 a6 13. Rac1 Rb8 14. Ng3 b5
15. Nge4 Nxe4 16. Nxe4 Bb7 17. Bd2 Bd5 18. Qd1 Nf5 19. Be3 Bxe4 20. Bxe4 Qh4
0-1